Giáo dục Bình Dương qua các thời kỳ Bài 2

محفوظ في:
التفاصيل البيبلوغرافية
المؤلف الرئيسي: A.Sáng
التنسيق: كتاب
اللغة:Undetermined
الموضوعات:
الوصول للمادة أونلاين:http://lrc.tdmu.edu.vn/opac/search/detail.asp?aID=2&ID=23643
الوسوم: إضافة وسم
لا توجد وسوم, كن أول من يضع وسما على هذه التسجيلة!
Thư viện lưu trữ: Trung tâm Học liệu Trường Đại học Thủ Dầu Một
LEADER 00684nam a2200169Ia 4500
001 TDMU_23643
008 210410s9999 xx 000 0 und d
082 |a 370 
100 |a A.Sáng 
245 0 |a Giáo dục Bình Dương qua các thời kỳ 
245 0 |c A.Sáng 
245 0 |n Bài 2 
245 0 |p Xây dựng nền giáo dục sau giải phóng 
300 |a 4tr 
650 |a Giáo dục Bình Dương ; Lịch sử giáo dục ; Khôi phục và phát triển sự nghiệp giáo dục ; Giáo dục 
856 |u http://lrc.tdmu.edu.vn/opac/search/detail.asp?aID=2&ID=23643 
980 |a Trung tâm Học liệu Trường Đại học Thủ Dầu Một